Statistics for Spa Francorchamps Track Layout

Click here to take the quiz!

General Stats

  • This quiz has been taken 19 times
  • The average score is 6 of 19

Answer Stats

HintAnswer% Correct
CurrentEau Rouge
94%
CurrentRaidillon
63%
CurrentBlanchimont
50%
CurrentLa Source
50%
CurrentKemmel Straight
44%
PreviousMalmedy
44%
CurrentStavelot
44%
CurrentBus Stop Chicane
38%
CurrentPouhon
31%
CurrentBruxelles
25%
CurrentLes Combes
25%
PreviousMasta
25%
PreviousBurnenville
13%
CurrentCampus
6%
CurrentJackie Ickx Corner
6%
CurrentFagnes
0%
PreviousHaut de la Cote
0%
PreviousHolowell
0%
PreviousLa Carriere
0%

Score Distribution

Percentile by Number Answered

Percent of People with Each Score

Your Score History

You have not taken this quiz